000 nam a22 7a 4500
999 _c10449
_d10449
008 180217b ||||| |||| 00| 0 eng d
100 _aSharma,BS.etal.
_92463
245 _aBest Companion for NTSE Revison Question Bank
260 _aNew Delhi
_bS. Chand
_c2013